A History of The Expansion of Christianity-1: First Five Centuries: To 500 AD (Record no. 23231)

MARC details
000 -LEADER
fixed length control field 00365nam a22001337a 4500
020 ## - INTERNATIONAL STANDARD BOOK NUMBER
ISBN 0853641145
082 ## - DEWEY DECIMAL CLASSIFICATION NUMBER
Classification number 270.0072 LAT
100 ## - MAIN ENTRY--AUTHOR NAME
Author name Latourette, Kenneth Scott
245 ## - TITLE STATEMENT
Title A History of The Expansion of Christianity-1: First Five Centuries: To 500 AD
260 ## - PUBLICATION, DISTRIBUTION, ETC. (IMPRINT)
Place of publication USA
Name of publisher Harper and Row
Year of publication 1971
300 ## - PHYSICAL DESCRIPTION
Number of Pages 412
650 ## - SUBJECT ADDED ENTRY--TOPICAL TERM
Topical Term Christianity-History
942 ## - ADDED ENTRY ELEMENTS (KOHA)
Koha item type Books
Holdings
Collection code Home library Current library Shelving location Date acquired Source of acquisition Full call number Accession Number Koha item type
Non-fiction Henry Martyn Institute Library Henry Martyn Institute Library General stacks 06/22/2022 Dr. Andreas collection 270.0072 LAT 11002672 Books
                   Copyright © 2026 | Henry Martyn Institute | Hyderabad | TS-500052 | INDIA | Implemented by hmi.edu.in
Hit-Count:

Powered by Koha